000 01545cam a22003251i 4500
003 SA-RiAUC
005 20251222121506.0
008 251127s1967 su f l f000r0 ara c
020 _a4319124
035 _aAUC_OC_257397
040 _aSA-JeALM
_bara
_cSA-RiAUC
_dSA-RiKSU
_erda
043 _aa-su---
082 0 4 _a346.531092
_qSA-RiAUC
090 _a346.531092
_bس ع و
110 1 _aالسعودية
_eمؤلف.
240 1 0 _aنظام استثمار رأس المال الأجنبي (1383 هـ.)
245 1 0 _aنظام استثمار رأس المال الأجنبي / وزارة التجارة والصناعة.
264 1 _aمكة المكرمة :
_bمطبعة الحكومة،
_c1964
300 _a11 صفحة ؛
_c24 × 17 سم
336 _aنص
_btxt
_2rdacontent
_3كتاب
337 _aبدون وسيط
_bn
_2rdamedia
338 _aمجلد
_bnc
_2rdacarrier
500 _aمصدق بالمرسوم الملكي الكريم رقم 35 وتاريخ 11 / 10 / 1383 هـ بناء على قرار من مجلس الوزراء رقم 691 وتاريخ 26 / 9 / 1383 هـ.
650 7 _aالاستثمارات الأجنبية
_xقوانين وتشريعات
_xمطبوعات حكومية
_zالسعودية
_2aucsh
650 7 _aالاستثمارات الأجنبية
_xقوانين وتشريعات
_zالسعودية
_2aucsh
650 7 _aالمطبوعات الحكومية
_2aucsh
651 7 _aالسعودية
_xمطبوعات حكومية
_2aucsh
942 _2ddc
_cBOOK
_n0
949 _aSA-JeALM
_d251127
_umohamedma123
_n1
999 _c13626
_d13626